Kronika Cartera Kanea. Rozhodující bitva /
Závěrečný díl fantasy trilogie čerpající z egyptských pramenů.
Uloženo v:
| Série: | Kronika Cartera Kanea,
část 3 |
|---|---|
| Hlavní autor: | |
| Další autoři: | |
| Médium: | E-kniha |
| Jazyk: | Czech |
| Vydáno: |
V Praze :
Fragment,
2024
|
| Vydání: | 2. vydání |
| Témata: | |
| Příbuzné jednotky: | Z cyklu::
Kronika Cartera Kanea |
| Tagy: |
Žádné tagy |
| LEADER | 02758nam a2200529 i 4500 | ||
|---|---|---|---|
| 001 | 312556 | ||
| 003 | CZ PrSKC | ||
| 005 | 20260601215724.0 | ||
| 007 | ta | ||
| 008 | 240807s2024 xr c 000 f cze | ||
| 015 | |a cnb003625883 | ||
| 020 | |a 9788025368497 |q (vázáno) | ||
| 035 | |a (OCoLC)1459785979 | ||
| 040 | |a ABG001 |b cze |e rda | ||
| 041 | 1 | |a cze |h eng | |
| 072 | 7 | |a 821.111(73)-3 |x Americká próza |2 Konspekt | |
| 072 | 7 | |a 821-93 |x Literatura pro děti a mládež (beletrie) |2 Konspekt | |
| 080 | |a 821.111(73)-31 |2 MRF | ||
| 080 | |a 821-93 |2 MRF | ||
| 080 | |a (0:82-312.9) |2 MRF | ||
| 100 | 1 | |a Riordan, Rick, |d 1964- |7 xx0103318 |4 aut | |
| 240 | 1 | 0 | |a Serpent's shadow. |l Česky |
| 245 | 1 | 0 | |a Kronika Cartera Kanea. |p Rozhodující bitva / |c Rick Riordan ; z anglického originálu The Kane chronicles 3 - The serpent's shadow přeložila Dana Chodilová |
| 246 | 3 | 0 | |a Rozhodující bitva |
| 250 | |a 2. vydání | ||
| 264 | 1 | |a V Praze : |b Fragment, |c 2024 | |
| 300 | |a 311 stran ; |c 22 cm | ||
| 336 | |a text |b txt |2 rdacontent | ||
| 337 | |a bez média |b n |2 rdamedia | ||
| 338 | |a svazek |b nc |2 rdacarrier | ||
| 520 | 2 | |a Závěrečný díl fantasy trilogie čerpající z egyptských pramenů. |b Poslední rok byl pro Cartera a Sadie pořádně rušný. Proniknout do tajemství egyptské magie totiž není žádná hračka. Nejtěžší překážky je ale teprve čekají... Zlé síly získávají převahu, had chaosu Apop unikl ze svého vězení a část rebelských mágů povstává proti Domu života. Sourozenci Carter a Sadie mají sehrát důležitou úlohu při záchraně světa. Zbývá jim však málo času, egyptští bohové jsou nevyzpytatelní a na každém kroku může číhat nebezpečí. Nakladatelská anotace. | |
| 521 | 8 | |a Pro čtenáře od 11 let | |
| 655 | 7 | |a americké romány |7 fd131796 |2 czenas | |
| 655 | 7 | |a fantasy romány |7 fd184199 |2 czenas | |
| 655 | 7 | |a publikace pro děti |7 fd133156 |2 czenas | |
| 655 | 9 | |a American fiction |2 eczenas | |
| 655 | 9 | |a fantasy novels |2 eczenas | |
| 655 | 9 | |a children's literature |2 eczenas | |
| 700 | 1 | |a Chodilová, Dana, |d 1964- |7 xx0017374 |4 trl | |
| 765 | 1 | |t Kane chronicles | |
| 787 | 0 | 8 | |i Z cyklu: |t Kronika Cartera Kanea |g 3 |
| 900 | |a ABA001 |b 20 | ||
| 928 | 9 | |a Albatros Media - Fragment | |
| 044 | |a xr | ||
| 910 | |a RBIT002 | ||
| 998 | |d 415279 |a https://core.palmknihy.cz/api/books/415279/cover?smcowk |b https://core.palmknihy.cz/api/books/415279/cover/400?smcowk |c https://core.palmknihy.cz/api/books/415279/cover/50?smcowk |e 2028-05-15 |g 312 |i 9788025368497 |j https://core.palmknihy.cz/api/books/415279/preview.epub |k https://core.palmknihy.cz/api/books/415279/preview.pdf |l |q 49 |r 1 |s https://www.palmknihy.cz/kniha/415279 |t ebook |y 2024 |z 0 |v Kronika Cartera Kanea |w 3 | ||
| 999 | |d 312554 | ||